Organisational Behaviour (Record no. 1223)

MARC details
000 -LEADER
Fixed length control field 00558nam a2200217 4500
003 - CONTROL NUMBER IDENTIFIER
Control field SEACOMMC
005 - DATE AND TIME OF LATEST TRANSACTION
Control field 20250804105934.0
008 - FIXED-LENGTH DATA ELEMENTS--GENERAL INFORMATION
Fixed length control field 250804b |||||||| |||| 00| 0 eng d
020 ## - INTERNATIONAL STANDARD BOOK NUMBER / ISBN
International Standard Book Number 978-0070153196
040 ## - CATALOGING SOURCE
Original cataloging agency SEACOMMC
082 ## - DEWEY DECIMAL CLASSIFICATION NUMBER
Classification number 658.4
Book Number P23106
100 ## - MAIN ENTRY--PERSONAL NAME
Personal name Parikh, Margie
245 ## - TITLE STATEMENT
Title Organisational Behaviour
Statement of responsibility Margie Parikh AND Rajen Gupta
260 ## - IMPRINT
Place of publication New Delhi
Name of publisher McGraw Hill
Date of publication 2010
300 ## - PHYSICAL DESCRIPTION
Page / Vol. No ‎ 684 p
600 ## - SUBJECT ADDED ENTRY--PERSONAL NAME
Personal name Margie Parikh
600 ## - SUBJECT ADDED ENTRY--PERSONAL NAME
Personal name Rajen Gupta
650 ## - SUBJECT ADDED ENTRY--TOPICAL TERM
Topical term Management
700 ## - ADDED ENTRY--PERSONAL NAME
Personal name Margie Parikh
942 ## - ADDED ENTRY ELEMENTS (KOHA)
Koha item type Books
Holdings
Withdrawn status Lost status Source of classification Damaged status Not for loan Home library Current library Date acquired Total Checkouts Call number Accession number Date last seen Copy number Price effective from Koha item type
    Dewey Decimal Classification     SEACOM MANAGEMENT COLLEGE SEACOM MANAGEMENT COLLEGE 23/02/2011   658.4 P23106 M-3052 04/08/2025 1 04/08/2025 Books
    Dewey Decimal Classification     SEACOM MANAGEMENT COLLEGE SEACOM MANAGEMENT COLLEGE 23/02/2011   658.4 P23106 M-3053 04/08/2025 2 04/08/2025 Books
    Dewey Decimal Classification     SEACOM MANAGEMENT COLLEGE SEACOM MANAGEMENT COLLEGE 23/02/2011   658.4 P23106 M-3054 04/08/2025 3 04/08/2025 Books
    Dewey Decimal Classification     SEACOM MANAGEMENT COLLEGE SEACOM MANAGEMENT COLLEGE 23/02/2011   658.4 P23106 M-3055 04/08/2025 4 04/08/2025 Books
    Dewey Decimal Classification     SEACOM MANAGEMENT COLLEGE SEACOM MANAGEMENT COLLEGE 23/02/2011   658.4 P23106 M-3056 04/08/2025 5 04/08/2025 Books
    Dewey Decimal Classification     SEACOM MANAGEMENT COLLEGE SEACOM MANAGEMENT COLLEGE 23/02/2011   658.4 P23106 M-3057 04/08/2025 6 04/08/2025 Books
© Seacom Engineering College, All rights reserved.    Powered by Koha